MARC details
| 000 -CABECERA |
| campo de control de longitud fija |
01154cam a22003014a 4500 |
| 003 - IDENTIFICADOR DEL NÚMERO DE CONTROL |
| campo de control |
UPN |
| 005 - FECHA Y HORA DE LA ÚLTIMA TRANSACCIÓN |
| campo de control |
20240910063925.0 |
| 008 - ELEMENTOS DE LONGITUD FIJA--INFORMACIÓN GENERAL |
| campo de control de longitud fija |
090217s2006 es a r 000 j spa d |
| 020 ## - NÚMERO INTERNACIONAL NORMALIZADO PARA LIBROS |
| Número Internacional Estándar del Libro |
8466753850 |
| 035 ## - NÚMERO DE CONTROL DEL SISTEMA |
| Número de control de sistema |
UPN01000169402 |
| 040 ## - FUENTE DE LA CATALOGACIÓN |
| Centro catalogador/agencia de origen |
UPN |
| Lengua de catalogación |
spa |
| Centro/agencia transcriptor |
UPN |
| 049 ## - COLECCIÓN |
| Colección |
I |
| 050 #4 - SIGNATURA TOPOGRÁFICA DE LA BIBLIOTECA DEL CONGRESO |
| Número de clasificación |
PT1731 |
| Número de documento/Ítem |
P53 |
| 100 1# - ASIENTO PRINCIPAL--NOMBRE PERSONAL |
| Nombre de persona |
Grimmelshausen, Hans Jakob Christoph von, |
| Fechas asociadas al nombre |
1625-1676 |
| 9 (RLIN) |
27903 |
| 245 10 - MENCIÓN DE TÍTULO |
| Título |
Piel de oso y otros cuentos : |
| Resto del título |
cuentos completos III / |
| Mención de responsabilidad, etc. |
Jacob y Wilhelm Grimm ; prólogo Vicente Muñoz Puelles ; traducción María Antonia Seijo Castroviejo ; ilustraciones Pablo Auladell. |
| 250 ## - MENCIÓN DE EDICIÓN |
| Mención de edición |
Primera edición |
| 260 ## - PUBLICACIÓN, DISTRIBUCIÓN, ETC. |
| Lugar de publicación, distribución, etc. |
Madrid : |
| Nombre del editor, distribuidor, etc. |
Anaya, |
| Fecha de publicación, distribución, etc. |
2006. |
| 300 ## - DESCRIPCIÓN FÍSICA |
| Extensión |
272 páginas : |
| Otras características físicas |
ilustraciones a color |
| 650 #4 - ASIENTO SECUNDARIO DE MATERIA - TERMINO TEMATICO |
| Término de materia o nombre geográfico como elemento de entrada |
Literatura infantil alemana |
| 9 (RLIN) |
9171 |
| 650 #4 - ASIENTO SECUNDARIO DE MATERIA - TERMINO TEMATICO |
| Término de materia o nombre geográfico como elemento de entrada |
Cuentos infantiles alemanes |
| 9 (RLIN) |
8589 |
| 700 1# - ASIENTO SECUNDARIO--NOMBRE DE PERSONAL |
| Nombre de persona |
Grimm, Wilhelm, |
| Fechas asociadas al nombre |
1786-1859 |
| Término indicativo de función/relación |
coautor |
| 9 (RLIN) |
32345 |
| 700 1# - ASIENTO SECUNDARIO--NOMBRE DE PERSONAL |
| Nombre de persona |
Muñoz Puelles, Vicente, |
| Fechas asociadas al nombre |
1948- |
| Término indicativo de función/relación |
prologuista |
| 9 (RLIN) |
32146 |
| 700 1# - ASIENTO SECUNDARIO--NOMBRE DE PERSONAL |
| Nombre de persona |
Seijo Castroviejo, María Antonia, |
| Fechas asociadas al nombre |
1942- |
| Término indicativo de función/relación |
traductora |
| 9 (RLIN) |
46548 |
| 700 1# - ASIENTO SECUNDARIO--NOMBRE DE PERSONAL |
| Nombre de persona |
Auladell, Pablo, |
| Fechas asociadas al nombre |
1972- |
| Término indicativo de función/relación |
ilustrador |
| 9 (RLIN) |
46549 |
| 902 ## - ELEMENTOS DE DATOS B LOCAL, LDB (RLIN) |
| Modificó |
Carolina Alvarado/220922/M |
| 905 ## - TIPO DE MATERIAL |
| Tipo de material |
Libro |
| 942 ## - ELEMENTOS DE PUNTO DE ACCESO ADICIONAL (KOHA) |
| Fuente del sistema de clasificación o colocación |
Library of Congress Classification |
| Tipo de ítem Koha |
Libro |